| 000 | 01311cam a2200337 a 4500 | ||
|---|---|---|---|
| 001 | 12599486 | ||
| 003 | PILC | ||
| 005 | 20150907080744.0 | ||
| 008 | 011127s2002 nyu 000 1 eng | ||
| 010 | _a 2001056587 | ||
| 020 | _a0399149007 (hc : alk. paper) | ||
| 040 |
_aDLC _cDLC _dDLC |
||
| 043 | _an-us-nb | ||
| 050 | 0 | 0 |
_aPS 3619 _b.Sc296 2002 |
| 082 | 0 | 0 | _a813/.6 |
| 100 | 1 | _aSchaffert, Timothy. | |
| 245 | 1 | 4 |
_aThe phantom limbs of the Rollow sisters / _cTimothy Schaffert. |
| 260 |
_aNew York : _bBlueHen Books, _c2002. |
||
| 300 |
_a228 pages ; _c22 cm. |
||
| 650 | 0 |
_aWomen _zNebraska _vFiction. |
|
| 650 | 0 |
_aAntique dealers _vFiction. |
|
| 650 | 0 |
_aSisters _vFiction. |
|
| 651 | 0 |
_aNebraska _vFiction. |
|
| 655 | 7 |
_aDomestic fiction. _2lcsh |
|
| 856 | 4 | 2 |
_3Contributor biographical information _uhttp://www.loc.gov/catdir/enhancements/fy0716/2001056587-b.html |
| 856 | 4 | 2 |
_3Publisher description _uhttp://www.loc.gov/catdir/enhancements/fy0716/2001056587-d.html |
| 856 | 4 | 1 |
_3Sample text _uhttp://www.loc.gov/catdir/enhancements/fy0716/2001056587-s.html |
| 906 |
_a7 _bcbc _corignew _d1 _eocip _f20 _gy-gencatlg |
||
| 942 |
_2lcc _cBK |
||
| 999 |
_c288615 _d288615 |
||